书目信息 |
| 题名: |
商务口译入门
|
|
| 作者: | 印晓红 , 杨瑛 编著 | |
| 分册: | ||
| 出版信息: | 上海 上海交通大学出版社 2010.04 |
|
| 页数: | 214页 | |
| 开本: | 23cm | |
| 丛书名: | 本科翻译专业口译系列教材 | |
| 单 册: | ||
| 中图分类: | H315.9 | |
| 科图分类: | ||
| 主题词: | 商务--shang wu--英语--口译--高等学校--教材 | |
| 电子资源: | ||
| ISBN: | 978-7-313-05943-7 | |
| 000 | 01263nam 2200301 450 | |
| 001 | 012011764132 | |
| 005 | 20110801172725.01 | |
| 010 | @a978-7-313-05943-7@dCNY35.00 (含光盘) | |
| 016 | @aCN-R05-10-0037-0@b光盘 | |
| 100 | @a20101028d2010 em y0chiy0120 ea | |
| 101 | 0 | @achi@aeng |
| 102 | @aCN@b310000 | |
| 105 | @ay a 000yy | |
| 106 | @ar | |
| 200 | 1 | @a商务口译入门@Ashang wu kou yi ru men@d= An introduction to business interpretation@f印晓红, 杨瑛编著@Fyin xiao hong,yang ying bian zhu@zeng |
| 210 | @a上海@c上海交通大学出版社@d2010.04 | |
| 215 | @a214页@d23cm@e光盘1片 | |
| 225 | 2 | @a本科翻译专业口译系列教材@Aben ke fan yi zhuan ye kou yi xi lie jiao cai |
| 320 | @a有书目 (第213-214页) | |
| 330 | @a本书分13个单元,介绍了企业介绍、礼仪祝词、商务访谈、商务会议、商务谈判、商务旅行、商务会展、产品推广、市场营销、商务投资、商务策略、商务与环保等12种商务活动,并分析了这些商务活动中的口译方法和技巧。 | |
| 410 | 0 | @12001 @a本科翻译专业口译系列教材 |
| 510 | 1 | @aIntroduction to business interpretation@zeng |
| 606 | 0 | @a商务@Ashang wu@x英语@x口译@x高等学校@j教材 |
| 690 | @aH315.9@v4 | |
| 701 | 0 | @a印晓红@Ayin xiao hong@4编著 |
| 701 | 0 | @a杨瑛@Ayang ying@4编著 |
| 801 | 0 | @aCN@bQSSK@c20110801 |
| 905 | @b794481-83@dH315.9@eY613@f3 | |
| 商务口译入门= An introduction to business interpretation/印晓红, 杨瑛编著.-上海:上海交通大学出版社,2010.04 |
| 214页;23cm+光盘1片.-(本科翻译专业口译系列教材) |
| ISBN 978-7-313-05943-7:CNY35.00 (含光盘) |
| 本书分13个单元,介绍了企业介绍、礼仪祝词、商务访谈、商务会议、商务谈判、商务旅行、商务会展、产品推广、市场营销、商务投资、商务策略、商务与环保等12种商务活动,并分析了这些商务活动中的口译方法和技巧。 |
| ● |
| 相关链接 |
|
|
|
正题名:商务口译入门
索取号:H315.9/Y613
 
预约/预借
| 序号 | 登录号 | 条形码 | 馆藏地/架位号 | 状态 | 备注 |
| 1 | 794481 | 207944812 | 语言库209/209语言库 40排1列1层/ [索取号:H315.9/Y613] | 在馆 | |
| 2 | 794482 | 207944821 | 语言库209/209语言库 40排1列1层/ [索取号:H315.9/Y613] | 在馆 | |
| 3 | 794483 | 207944830 | 语言库209/209语言库 40排1列1层/ [索取号:H315.9/Y613] | 在馆 |